[Event "4NCL Online Division 5"]
[Site "online"]
[Date "2021.02.09"]
[EventDate "2021.02.09"]
[Round "2.22"]
[White "Martin, Andrew D"]
[WhiteTitle "IM"]
[WhiteElo "2275"]
[WhiteTeam "Guildford Castles 1"]
[Black "Clark, Gary M"]
[BlackElo "2278"]
[BlackTeam "Charlton Cobras A"]
[Result "0-1"]
[PlyCount "130"]

1. c4 Nf6 2. Nc3 c5 3. g3 d5 4. cxd5 Nxd5 5. Bg2 Nc7 6. Nf3 Nc6 7. O-O g6 8. b3 Bg7 9. Bb2 b6 10. Rc1 Rb8 11. d3 O-O 12. Qd2 e5 13. Rfd1 Bb7 14. e3 Qd7 15. a3 Ne6 16. b4 Rfd8 17. Ne4 cxb4 18. axb4 Qe7 19. b5 Na5 20. Qe2 Nb3 21. Rb1 f5 22. Ned2 Nxd2 23. Nxd2 Bxg2 24. Kxg2 Rbc8 25. Nf3 Ng5 26. Nxg5 Qxg5 27. Ba3 Qf6 28. Rbc1 Qe6 29. Qf3 Rxc1 30. Rxc1 Qb3 31. Be7 Rd7 32. Rc8+ Kf7 33. Bg5 Qxd3 34. Qc6 h6 35. Rc7 Rxc7 36. Qxc7+ Kg8 37. Be7 Qxb5 38. Qxa7 Qd5+ 39. Kg1 b5 40. h4 f4 41. exf4 exf4 42. gxf4 Qd1+ 43. Kh2 Qd4 44. Qb8+ Kf7 45. Bd6 Qxf2+ 46. Kh3 Qf3+ 47. Kh2 Qe2+ 48. Kh3 h5 49. Qc7+ Kg8 50. Be5 Bxe5 51. fxe5 Qg4+ 52. Kh2 Qxh4+ 53. Kg2 Qg4+ 54. Kh2 Qe2+ 55. Kh3 Qf3+ 56. Kh2 Qf4+ 57. Kh3 b4 58. Qd8+ Kh7 59. Qe7+ Kh6 60. e6 b3 61. Qe8 b2 62. Qh8+ Kg5 63. Qd8+ Qf6 64. e7 b1=Q 65. Qd2+ Qf4 0-1

[Event "4NCL Online Division 5"]
[Site "online"]
[Date "2021.02.09"]
[EventDate "2021.02.09"]
[Round "2.23"]
[White "Stebbings, Anthony J"]
[WhiteTitle "FM"]
[WhiteElo "2240"]
[WhiteTeam "Charlton Cobras A"]
[Black "Punnett, Alan K"]
[BlackElo "2096"]
[BlackTeam "Guildford Castles 1"]
[Result "1/2-1/2"]
[PlyCount "104"]

1. e4 e6 2. d4 d5 3. Nd2 Be7 4. Bd3 Nf6 5. e5 Nfd7 6. f4 c5 7. c3 Nc6 8. Ndf3 Qb6 9. Ne2 a5 10. O-O f5 11. Kh1 c4 12. Bc2 Nf8 13. b3 cxb3 14. axb3 Ng6 15. Ba3 O-O 16. Rg1 Bd7 17. g4 Bxa3 18. Rxa3 Nce7 19. gxf5 Nxf5 20. Qd2 Qc7 21. Bd3 Rac8 22. Raa1 b6 23. Rac1 Qd8 24. Rg4 Rc7 25. Rcg1 Be8 26. Ng5 Qc8 27. Rc1 Nge7 28. Rgg1 h6 29. Nf3 Bh5 30. Rgf1 Qd8 31. Ng3 Bg4 32. Ng1 Ng6 33. Qf2 Ngh4 34. Nxf5 Bxf5 35. Bxf5 Nxf5 36. Ne2 Qe7 37. Qf3 Qa3 38. Rb1 Qa2 39. Qd3 Qa3 40. Rfc1 Qe7 41. Rg1 Rfc8 42. Rbc1 Qh4 43. Qf3 Kf8 44. Rg4 Qh5 45. Rcg1 Rb8 46. Qd3 Rbc8 47. R4g2 Rb8 48. Ra1 Rbc8 49. Rgg1 Rb8 50. Rg2 Rbc8 51. Rgg1 Rb8 52. Rg2 Rbc8 1/2-1/2

[Event "4NCL Online Division 5"]
[Site "online"]
[Date "2021.02.09"]
[EventDate "2021.02.09"]
[Round "2.24"]
[White "Young, Craig A"]
[WhiteElo "2049"]
[WhiteTeam "Guildford Castles 1"]
[Black "Morris, David"]
[BlackElo "1930"]
[BlackTeam "Charlton Cobras A"]
[Result "1-0"]
[PlyCount "59"]


1. d4 Nf6 2. c4 c5 3. d5 e6 4. Nc3 exd5 5. cxd5 d6 6. e4 g6 7. Bb5+ Bd7 8. Bd3 Bg7 9. Nge2 O-O 10. O-O b5 11. Ng3 c4 12. Bc2 Re8 13. Bf4 Qb6 14. Be3 Qc7 15. f3 Na6 16. Bd4 b4 17. Nce2 Nc5 18. Rc1 Bb5 19. Bb1 Rac8 20. a3 a5 21. axb4 axb4 22. Bc2 h5 23. Qd2 h4 24. Qxb4 Ba6 25. Nh1 c3 26. Nxc3 Bxf1 27. Rxf1 Rb8 28. Qc4 Rxb2 29. Nb5 Rc8 30. Nxc7 1-0

[Event "4NCL Online Division 5"]
[Site "online"]
[Date "2021.02.09"]
[EventDate "2021.02.09"]
[Round "2.31"]
[White "Liu, Jason"]
[WhiteElo "1361"]
[WhiteTeam "BCC Penguins"]
[Black "Keerthi Kumar, Advait"]
[BlackElo "1248"]
[BlackTeam "Watford Juniors B"]
[Result "1-0"]
[PlyCount "53"]

1. e4 c5 2. c4 Nc6 3. Nc3 d6 4. g3 Nf6 5. Bg2 Bg4 6. Nge2 e6 7. h3 Bh5 8. d3 h6 9. O-O Be7 10. Be3 O-O 11. Qd2 Bg6 12. f4 Qd7 13. g4 Bh7 14. Ng3 Bd8 15. Qf2 Bc7 16. Rad1 Rae8 17. g5 Nxe4 18. Bxe4 Bxe4 19. Ncxe4 hxg5 20. fxg5 Nd4 21. Bxd4 cxd4 22. Nh5 Qd8 23. Nhf6+ gxf6 24. gxf6 Kh7 25. Qh4+ Kg6 26. Qg5+ Kh7 27. Qg7# 1-0

[Event "4NCL Online Division 5"]
[Site "online"]
[Date "2021.02.09"]
[EventDate "2021.02.09"]
[Round "2.32"]
[White "Bajpayee, Yayin"]
[WhiteElo "1095"]
[WhiteTeam "Watford Juniors B"]
[Black "Liu, Benjamin"]
[BlackElo "896"]
[BlackTeam "BCC Penguins"]
[Result "1/2-1/2"]
[PlyCount "123"]

1. d4 Nf6 2. Nf3 g6 3. Bf4 Bg7 4. e3 d6 5. c4 O-O 6. Bd3 Nc6 7. O-O Re8 8. Bg3 e5 9. dxe5 dxe5 10. e4 Bg4 11. h3 Bxf3 12. Qxf3 Nb4 13. Rd1 Qd7 14. a3 Nxd3 15. Rxd3 Qc6 16. Rd1 Qxc4 17. Nc3 Rad8 18. Rac1 Qb3 19. Rxd8 Rxd8 20. Qe2 Nh5 21. Bh2 Bh6 22. Rd1 Rxd1+ 23. Nxd1 Nf4 24. Bxf4 Bxf4 25. Nc3 Bc1 26. Nd1 Kg7 27. Kf1 Qb6 28. Qc2 Qb5+ 29. Qe2 Qxe2+ 30. Kxe2 Kf6 31. Kf3 Kg5 32. a4 f5 33. exf5 gxf5 34. b3 e4+ 35. Ke2 Ba3 36. Ne3 Bc5 37. h4+ Kf4 38. g3+ Ke5 39. Nc2 f4 40. g4 f3+ 41. Kf1 Kf4 42. b4 Be7 43. Ne3 Bxh4 44. Nd5+ Kxg4 45. Nxc7 Be7 46. b5 Bb4 47. Nd5 Ba5 48. Nf6+ Kf4 49. Nxh7 e3 50. fxe3+ Kxe3 51. Ng5 Kd3 52. Nxf3 Kc4 53. Ke2 Kb4 54. Kd3 Kxa4 55. Kc4 b6 56. Nd4 Bb4 57. Nc6 Bc5 58. Nxa7 Ka5 59. Nc6+ Ka4 60. Na7 Ka5 61. Nc6+ Ka4 62. Na7 1/2-1/2

[Event "4NCL Online Division 5"]
[Site "online"]
[Date "2021.02.09"]
[EventDate "2021.02.09"]
[Round "2.33"]
[White "Bell, Euan"]
[WhiteElo "673"]
[WhiteTeam "BCC Penguins"]
[Black "Demyan, Leo"]
[BlackElo "1143"]
[BlackTeam "Watford Juniors B"]
[Result "1-0"]
[PlyCount "115"]

1. e4 c5 2. Nf3 d6 3. d3 Nc6 4. g3 g6 5. Bg2 Bg7 6. O-O Nf6 7. c3 Bd7 8. Ng5 Ne5 9. Qb3 Rf8 10. Rd1 Bc6 11. d4 c4 12. Qb4 a5 13. Qa3 Nd3 14. Be3 h6 15. Nh3 a4 16. d5 Bb5 17. Nd2 Qd7 18. b3 cxb3 19. Nxb3 Qc8 20. Nc1 Nxc1 21. Raxc1 h5 22. Ng5 Ng4 23. Bd4 Bh6 24. h4 Bxg5 25. hxg5 Qc4 26. Qb4 Qxb4 27. cxb4 Kd7 28. Bg7 Rfe8 29. Bh3 e5 30. Re1 Rec8 31. Rxc8 Rxc8 32. f3 Rg8 33. Bf6 Kc7 34. fxg4 hxg4 35. Bxg4 Kb6 36. Be2 Bd7 37. Be7 Rc8 38. Bd3 Rc3 39. Rd1 Ra3 40. Rd2 Bb5 41. Bxb5 Kxb5 42. Kf2 Kc4 43. Bxd6 Kc3 44. Re2 Kd4 45. b5 b6 46. Bxa3 Kc4 47. Bb2 Kxb5 48. Bxe5 Kc5 49. d6 Kc6 50. Rc2+ Kd7 51. Rc7+ Ke6 52. d7 Kxe5 53. d8=Q Kxe4 54. Rxf7 Ke5 55. Qe8+ Kd6 56. Rd7+ Kc6 57. Rd8+ Kc7 58. Qd7# 1-0

[Event "4NCL Online Division 5"]
[Site "online"]
[Date "2021.02.09"]
[EventDate "2021.02.09"]
[Round "2.34"]
[White "Holland, Nicolas"]
[WhiteElo "1103"]
[WhiteTeam "Watford Juniors B"]
[Black "Florczak, Adam"]
[BlackElo "720"]
[BlackTeam "BCC Penguins"]
[Result "0-1"]
[PlyCount "100"]

1. e4 e5 2. Nf3 Nc6 3. Nc3 Nf6 4. Bb5 d6 5. d3 a6 6. Bxc6+ bxc6 7. O-O Be7 8. h3 O-O 9. Qe2 h6 10. d4 exd4 11. Nxd4 c5 12. Nc6 Qd7 13. Nd5 Nxd5 14. exd5 Re8 15. Re1 Bb7 16. Nxe7+ Rxe7 17. Qxe7 Qb5 18. Qxc7 Bxd5 19. Qxd6 Be6 20. b3 Re8 21. f4 Bf5 22. Rxe8+ Qxe8 23. Ba3 Qe3+ 24. Kf1 Bxc2 25. Bxc5 Bd3+ 26. Qxd3 Qxd3+ 27. Kg1 Qc3 28. Rd1 Qxc5+ 29. Kf1 Qb5+ 30. Kg1 Qh5 31. Rd8+ Kh7 32. g4 Qxh3 33. f5 Qxg4+ 34. Kf2 Qxf5+ 35. Ke3 Qg5+ 36. Kd3 Qxd8+ 37. Kc4 Qb6 38. Kd5 g5 39. Ke5 Qf2 40. b4 g4 41. Kd5 g3 42. Kc6 g2 43. Kb7 g1=Q 44. Kxa6 Qgf1+ 45. b5 Qxa2+ 46. Kb7 Qxb5+ 47. Kc7 Qe6 48. Kd8 Qba6 49. Kc7 Qe7+ 50. Kb8 Qab7# 0-1

[Event "4NCL Online Division 5"]
[Site "online"]
[Date "2021.02.09"]
[EventDate "2021.02.09"]
[Round "2.41"]
[White "Kumar, Sanjit S"]
[WhiteElo "1696"]
[WhiteTeam "KCJS 1"]
[Black "Walker, David N"]
[BlackElo "1946"]
[BlackTeam "Harborough Cuatro 1"]
[Result "0-1"]
[PlyCount "90"]

1. e4 e6 2. d4 d5 3. Nd2 Nf6 4. e5 Nfd7 5. Ngf3 c5 6. c3 Nc6 7. Bd3 g6 8. O-O Bg7 9. dxc5 Nxc5 10. Bb5 O-O 11. Re1 Qc7 12. Bxc6 bxc6 13. Nb3 Nd7 14. Bf4 Ba6 15. Qd4 c5 16. Qd2 Rab8 17. Rac1 Bc4 18. Qc2 a5 19. Nbd2 Ba6 20. b3 c4 21. Nd4 Nc5 22. N2f3 Nd3 23. Bd2 Nxe1 24. Rxe1 cxb3 25. axb3 Rfc8 26. g3 Qd7 27. Ra1 Qc7 28. Re1 Ra8 29. Qb2 Rcb8 30. Qc2 Rb7 31. Qa2 Bd3 32. Re3 Be4 33. Ng5 Bxe5 34. Nxe4 Bxd4 35. Rd3 dxe4 36. Rxd4 Qb8 37. Rxe4 Rxb3 38. Bf4 Rb1+ 39. Kg2 Qb7 40. Kf3 Rb2 41. Qc4 Rc8 42. Qd4 f5 43. Qe5 Qxe4+ 44. Qxe4 fxe4+ 45. Kxe4 a4 0-1

[Event "4NCL Online Division 5"]
[Site "online"]
[Date "2021.02.09"]
[EventDate "2021.02.09"]
[Round "2.42"]
[White "Redding, Jonathan"]
[WhiteElo "1854"]
[WhiteTeam "Harborough Cuatro 1"]
[Black "Subin, Samvrit"]
[BlackElo "1680"]
[BlackTeam "KCJS 1"]
[Result "0-1"]
[PlyCount "132"]

1. d4 Nf6 2. c4 g6 3. Nc3 d6 4. Nf3 Bg7 5. e4 O-O 6. Be3 e5 7. d5 Nbd7 8. Qd2 Nc5 9. Bd3 Ng4 10. Bxc5 dxc5 11. h3 Nf6 12. Nxe5 Nxe4 13. Nxe4 Bxe5 14. Nxc5 Qe7 15. Ne4 f5 16. O-O fxe4 17. Bxe4 Bf4 18. Qc2 Bf5 19. Bxf5 Rxf5 20. Rae1 Qd7 21. g3 Bd6 22. c5 Bf8 23. d6 cxd6 24. Rd1 Rc8 25. Qb3+ Kh8 26. cxd6 Bxd6 27. Qd3 Rc6 28. Qd4+ Kg8 29. Rfe1 Rf8 30. Qd5+ Kh8 31. Qd4+ Qg7 32. Qd2 a5 33. a4 Bb4 34. Qe3 Bxe1 35. Rxe1 Qxb2 36. Re2 Qc1+ 37. Qxc1 Rxc1+ 38. Kg2 Ra1 39. Re5 Rxa4 40. h4 Ra1 41. g4 a4 42. h5 a3 43. hxg6 hxg6 44. Kg3 a2 45. f4 Rg1+ 46. Kh4 a1=Q 47. Kg5 Qxe5+ 48. fxe5 Kg7 49. e6 Re8 50. e7 Rxe7 51. Kf4 Rf1+ 52. Kg5 Re5+ 53. Kh4 g5+ 54. Kg3 Re3+ 55. Kg2 Rf8 56. Kh2 Kg6 57. Kg2 b5 58. Kh2 b4 59. Kg2 b3 60. Kh2 b2 61. Kg2 b1=Q 62. Kh2 Rh3+ 63. Kg2 Rh2+ 64. Kxh2 Qf1 65. Kg3 Rf3+ 66. Kh2 Rh3# 0-1

[Event "4NCL Online Division 5"]
[Site "online"]
[Date "2021.02.09"]
[EventDate "2021.02.09"]
[Round "2.43"]
[White "Hill-Wood, T Wilfred D"]
[WhiteElo "1663"]
[WhiteTeam "KCJS 1"]
[Black "Garland, Michael A jnr"]
[BlackElo "1692"]
[BlackTeam "Harborough Cuatro 1"]
[Result "0-1"]
[PlyCount "68"]

1. e4 c6 2. d4 d5 3. exd5 Nf6 4. dxc6 Nxc6 5. Nf3 e5 6. dxe5 Qxd1+ 7. Kxd1 Ng4 8. Ke1 Bc5 9. Be3 Nxe3 10. fxe3 Bxe3 11. Bb5 O-O 12. Nc3 Nd4 13. Nxd4 Bxd4 14. Rd1 Bxe5 15. Kf2 Bg4 16. Rd5 Bf6 17. h3 Be6 18. Rd2 Rac8 19. Ne4 Bxb2 20. Rhd1 Bf6 21. Nxf6+ gxf6 22. Bd3 f5 23. g4 fxg4 24. hxg4 Bxg4 25. Rg1 h5 26. Re2 Rfe8 27. Rd2 Kf8 28. Kg3 Re3+ 29. Kf4 Rf3+ 30. Kg5 Rc5+ 31. Kh6 Rf6+ 32. Kh7 Rcc6 33. Bg6 Rxg6 34. Rd8+ Ke7 0-1

[Event "4NCL Online Division 5"]
[Site "online"]
[Date "2021.02.09"]
[EventDate "2021.02.09"]
[Round "2.44"]
[White "Gibbison, Robert"]
[WhiteElo "1570"]
[WhiteTeam "Harborough Cuatro 1"]
[Black "Soulier, Alfred"]
[BlackElo "1624"]
[BlackTeam "KCJS 1"]
[Result "0-1"]
[PlyCount "86"]

1. e4 c5 2. Nc3 Nc6 3. Nf3 e6 4. Bc4 a6 5. a3 Nge7 6. d3 d5 7. exd5 exd5 8. Ba2 g6 9. O-O Bg7 10. Qe1 O-O 11. Bg5 Be6 12. Rb1 Bxc3 13. bxc3 b5 14. d4 c4 15. Bh6 Re8 16. Ne5 Nxe5 17. Qxe5 Nf5 18. Bd2 Qd6 19. Qxd6 Nxd6 20. Bf4 Ne4 21. Rbe1 Nxc3 22. Bb1 Bf5 23. Bd2 Ne2+ 24. Kh1 Nxd4 25. c3 Rxe1 26. Rxe1 Nb3 27. Bxf5 Nxd2 28. Bc2 Kf8 29. f3 Re8 30. Rd1 Re2 31. h3 Nxf3 32. gxf3 Rxc2 33. Rxd5 Rxc3 34. Kg2 Rxa3 35. Rd8+ Kg7 36. Rd1 a5 37. Kf2 b4 38. Ke2 a4 39. Rc1 Rc3 40. Ra1 a3 41. Kd2 Rd3+ 42. Kc2 b3+ 43. Kb1 Rd1# 0-1

[Event "4NCL Online Division 5"]
[Site "online"]
[Date "2021.02.09"]
[EventDate "2021.02.09"]
[Round "2.51"]
[White "Khandelwal, Akshaj"]
[WhiteElo "1083"]
[WhiteTeam "Watford Juniors C"]
[Black "Vaidya, Raghav"]
[BlackElo "1818"]
[BlackTeam "Barnet Knights B"]
[Result "0-1"]
[PlyCount "44"]

1. d4 Nf6 2. c4 e6 3. Nc3 Bb4 4. e3 b6 5. Nf3 Bb7 6. Bd3 O-O 7. O-O Bxc3 8. bxc3 Ne4 9. Bb2 d6 10. h3 Nd7 11. Qc2 f5 12. Rac1 Ndf6 13. a3 Qe8 14. Kh1 Qh5 15. Rfd1 Ng4 16. Bxe4 fxe4 17. Kg1 exf3 18. hxg4 Qxg4 19. Kf1 fxg2+ 20. Ke1 g1=Q+ 21. Kd2 Qxf2+ 22. Kd3 Qe4# 0-1

[Event "4NCL Online Division 5"]
[Site "online"]
[Date "2021.02.09"]
[EventDate "2021.02.09"]
[Round "2.52"]
[White "Eedle, Eric F"]
[WhiteElo "1825"]
[WhiteTeam "Barnet Knights B"]
[Black "Shah, Prem C"]
[BlackElo "1075"]
[BlackTeam "Watford Juniors C"]
[Result "1-0"]
[PlyCount "81"]

1. d4 Nf6 2. c4 Nc6 3. Nf3 d5 4. cxd5 Qxd5 5. Nc3 Qd8 6. e4 Bg4 7. d5 Ne5 8. Nxe5 Bxd1 9. Bb5+ c6 10. dxc6 bxc6 11. Bxc6+ Nd7 12. Bxd7+ Qxd7 13. Nxd7 Kxd7 14. Kxd1 Rd8 15. Kc2 e5 16. Be3 Ra8 17. Rhd1+ Ke7 18. Nd5+ Kd8 19. Rac1 Rc8+ 20. Kb1 Rxc1+ 21. Rxc1 Bd6 22. Bxa7 Kd7 23. Bc5 Bb8 24. b4 f6 25. a4 Bd6 26. Bxd6 Kxd6 27. Kb2 f5 28. a5 fxe4 29. Ne3 Rb8 30. Kb3 Rf8 31. Rc2 h6 32. b5 Rb8 33. Kb4 g5 34. a6 h5 35. a7 Ra8 36. b6 g4 37. b7 Rxa7 38. b8=Q+ Ke6 39. Qxa7 Kd6 40. Qf7 h4 41. Nf5# 1-0

[Event "4NCL Online Division 5"]
[Site "online"]
[Date "2021.02.09"]
[EventDate "2021.02.09"]
[Round "2.53"]
[White "Manoj Kumar, Arth"]
[WhiteElo "713"]
[WhiteTeam "Watford Juniors C"]
[Black "Vyas, Alisha"]
[BlackElo "1695"]
[BlackTeam "Barnet Knights B"]
[Result "0-1"]
[PlyCount "46"]

1. e4 c5 2. Nf3 d6 3. Bc4 Nf6 4. Nc3 Nc6 5. Nd5 Nxe4 6. d3 Nf6 7. Nxf6+ gxf6 8. Nd2 Ne5 9. O-O Rg8 10. f4 Bg4 11. Nf3 Nxf3+ 12. gxf3 Bxf3+ 13. Kf2 Bxd1 14. Rxd1 Qd7 15. a4 Qh3 16. Bb5+ Kd8 17. Rg1 Qxh2+ 18. Rg2 Qxg2+ 19. Ke3 Qg1+ 20. Kd2 Qf2+ 21. Kc3 Qd4+ 22. Kd2 Rg2+ 23. Ke1 Qg1# 0-1

[Event "4NCL Online Division 5"]
[Site "online"]
[Date "2021.02.09"]
[EventDate "2021.02.09"]
[Round "2.54"]
[White "Sanfey, Gregor"]
[WhiteElo "1677"]
[WhiteTeam "Barnet Knights B"]
[Black "Karthik, Trivikraman"]
[BlackElo "687"]
[BlackTeam "Watford Juniors C"]
[Result "0-1"]
[PlyCount "40"]

1. g4 d5 2. Bg2 Nc6 3. h3 e5 4. d3 f5 5. Nc3 d4 6. Nb1 Qd6 7. e4 fxg4 8. hxg4 Nge7 9. Nd2 Ng6 10. Nc4 Qf6 11. g5 Qf7 12. a4 Be6 13. Nd2 Nf4 14. Bf3 Bb4 15. Ne2 Nxd3+ 16. cxd3 Qxf3 17. Rg1 O-O 18. Qc2 Bg4 19. Rxg4 Qxf2+ 20. Kd1 Qf1+ 0-1

[Event "4NCL Online Division 5"]
[Site "online"]
[Date "2021.02.09"]
[EventDate "2021.02.09"]
[Round "2.61"]
[White "Trudeau, Gary"]
[WhiteElo "1842"]
[WhiteTeam "Calstock Killers"]
[Black "Zhang, Zheming"]
[BlackElo "2092"]
[BlackTeam "Forest Hall Juniors"]
[Result "0-1"]
[PlyCount "82"]

1. e4 e6 2. d4 d5 3. Nc3 Nf6 4. e5 Nfd7 5. f4 c5 6. dxc5 Bxc5 7. Qg4 O-O 8. Nf3 f5 9. Qh3 Qe8 10. Nb5 Na6 11. Bd2 Nb6 12. Bd3 Bd7 13. Nfd4 Nc4 14. Bxc4 dxc4 15. a4 Rd8 16. Ba5 b6 17. Bc3 Bxd4 18. Nxd4 Nc5 19. b3 cxb3 20. cxb3 Bc6 21. O-O Bd5 22. Bb4 Bxg2 23. Qxg2 Rxd4 24. Bxc5 bxc5 25. Qc2 Qe7 26. Rac1 Rc8 27. Qc3 Re4 28. Rcd1 h6 29. Rd6 Rc7 30. Qd3 Kh7 31. Qa6 Rxf4 32. Rxf4 Qg5+ 33. Kh1 Qxf4 34. Rxe6 Qe4+ 35. Kg1 f4 36. Qd6 Rf7 37. Re7 f3 38. Kf2 Qe2+ 39. Kg3 Qg2+ 40. Kh4 Rf4+ 41. Kh5 Qg5# 0-1

[Event "4NCL Online Division 5"]
[Site "online"]
[Date "2021.02.09"]
[EventDate "2021.02.09"]
[Round "2.62"]
[White "French, Morgan"]
[WhiteElo "1662"]
[WhiteTeam "Forest Hall Juniors"]
[Black "Hill, Michael"]
[BlackElo "1733"]
[BlackTeam "Calstock Killers"]
[Result "1-0"]
[PlyCount "104"]

1. d4 Nf6 2. c4 e6 3. Nf3 b6 4. Bf4 Bb7 5. e3 Be7 6. Bd3 d5 7. h3 Nbd7 8. Nbd2 c5 9. dxc5 Nxc5 10. Be2 O-O 11. O-O dxc4 12. Nxc4 Rc8 13. Nd6 Bxd6 14. Bxd6 Re8 15. Rc1 Nce4 16. Bh2 Qxd1 17. Rfxd1 Rxc1 18. Rxc1 h6 19. Rc7 Nc5 20. Bc4 Rc8 21. Rxc8+ Bxc8 22. Bb8 a6 23. Kf1 b5 24. Be2 Bb7 25. Be5 Nfe4 26. b4 Na4 27. Bd1 Nac3 28. Bb3 Nd5 29. a3 Nef6 30. Ke2 Nd7 31. Bb2 N5f6 32. a4 Bc6 33. axb5 Bxb5+ 34. Ke1 Ne4 35. Nd4 Nd6 36. Nxb5 axb5 37. Bc2 Nc4 38. Bc3 Ndb6 39. Ke2 Nd5 40. Kd3 Na3 41. Bb3 Nb1 42. Bxd5 exd5 43. Bb2 f6 44. Kc2 Na3+ 45. Bxa3 Kf7 46. Kd3 Ke6 47. Kd4 Kd6 48. e4 dxe4 49. Kxe4 Ke6 50. g4 g6 51. Bb2 f5+ 52. gxf5+ gxf5+ 53. Kf4 1-0

[Event "4NCL Online Division 5"]
[Site "online"]
[Date "2021.02.09"]
[EventDate "2021.02.09"]
[Round "2.63"]
[White "Kirkman, Nigel J"]
[WhiteElo "1722"]
[WhiteTeam "Calstock Killers"]
[Black "Xu, Weiming"]
[BlackElo "1569"]
[BlackTeam "Forest Hall Juniors"]
[Result "0-1"]
[PlyCount "48"]

1. c4 e5 2. Nc3 Nf6 3. g3 Nc6 4. Bg2 Bb4 5. e3 O-O 6. Nge2 d6 7. a3 Bxc3 8. Nxc3 Be6 9. Nd5 e4 10. Nxf6+ Qxf6 11. Bxe4 Bxc4 12. d3 Ba6 13. f4 Rfe8 14. O-O Rxe4 15. dxe4 Bxf1 16. Qxf1 Qe6 17. Qe2 Qxe4 18. Bd2 Nd4 19. Qg2 Nf3+ 20. Kf1 Nxd2+ 21. Qxd2 Qh1+ 22. Kf2 Qxh2+ 23. Ke1 Qg1+ 24. Ke2 Qxa1 0-1

[Event "4NCL Online Division 5"]
[Site "online"]
[Date "2021.02.09"]
[EventDate "2021.02.09"]
[Round "2.64"]
[White "Amoako Philip Selikem Yao"]
[WhiteElo "1453"]
[WhiteTeam "Forest Hall Juniors"]
[Black "Henderson, Jason"]
[BlackElo "1680"]
[BlackTeam "Calstock Killers"]
[Result "0-1"]
[PlyCount "70"]

1. e4 e6 2. d4 d5 3. Nc3 Nf6 4. Bg5 dxe4 5. Nxe4 Be7 6. Nxf6+ gxf6 7. Bf4 Nc6 8. Nf3 a6 9. Qd2 Rg8 10. O-O-O Nb4 11. Kb1 b5 12. c3 Nd5 13. Bg3 Bb7 14. Bd3 c5 15. Bxh7 Rh8 16. Bc2 a5 17. dxc5 Bxc5 18. Qe2 Qb6 19. Bb3 Ne7 20. Qd2 a4 21. Qd7+ Kf8 22. Bc2 Nd5 23. Bd3 Bc6 24. Bd6+ Kg7 25. Bxc5 Qxc5 26. Bxb5 Bxd7 27. Bxd7 a3 28. Rc1 axb2 29. Kxb2 Qa7 30. Kc2 Qxd7 31. Kd2 Rxa2+ 32. Ke1 Nf4 33. Rd1 Re2+ 34. Kf1 Qxd1+ 35. Ne1 Qxe1# 0-1

[Event "4NCL Online Division 5"]
[Site "online"]
[Date "2021.02.09"]
[EventDate "2021.02.09"]
[Round "2.71"]
[White "Correa, Edward"]
[WhiteElo "1270"]
[WhiteTeam "Manchester Juniors C"]
[Black "Foster, Brian E"]
[BlackElo "1544"]
[BlackTeam "Uxbridge Cyclones"]
[Result "0-1"]
[PlyCount "122"]

1. d4 Nf6 2. Bf4 d6 3. Nf3 c6 4. e3 Bg4 5. Be2 Nbd7 6. h3 Bh5 7. c4 Qa5+ 8. Nc3 Ne4 9. Qc2 Nxc3 10. Qxc3 Qxc3+ 11. bxc3 Nf6 12. O-O Ne4 13. Rac1 Bxf3 14. Bxf3 Nd2 15. Rfd1 Nxc4 16. Be2 Nb6 17. Rb1 d5 18. Rd2 e6 19. Bc7 Be7 20. Bxb6 axb6 21. Rxb6 Rb8 22. Ba6 O-O 23. Rxb7 Rxb7 24. Bxb7 c5 25. Bc6 Rb8 26. Ba4 Bd6 27. Bb3 c4 28. Ba4 Rb1+ 29. Bd1 Rc1 30. g3 Rxc3 31. Rc2 Ra3 32. Rb2 g6 33. Kg2 Kg7 34. g4 Rd3 35. a4 Rxd1 36. a5 Ra1 37. Rb6 Bc7 38. Ra6 Bxa5 39. Kf3 Bc3 40. Rc6 Rh1 41. Kg2 Rb1 42. Kf3 Rb2 43. Kg2 Be1 44. Ra6 Bxf2 45. Ra3 Bxe3+ 46. Kg3 Bxd4 47. Kf3 Rb3+ 48. Rxb3 cxb3 49. Ke2 b2 50. Kd3 b1=Q+ 51. Kxd4 Qe4+ 52. Kc3 Qf3+ 53. Kd2 Qxh3 54. g5 Qg4 55. Kd3 Qxg5 56. Kd4 Qf5 57. Ke3 Qe4+ 58. Kd2 d4 59. Kc1 Qg2 60. Kd1 d3 61. Kc1 Qc2# 0-1

[Event "4NCL Online Division 5"]
[Site "online"]
[Date "2021.02.09"]
[EventDate "2021.02.09"]
[Round "2.72"]
[White "Pordes, Ben"]
[WhiteElo "1527"]
[WhiteTeam "Uxbridge Cyclones"]
[Black "Topping, Rachel"]
[BlackElo "1225"]
[BlackTeam "Manchester Juniors C"]
[Result "1-0"]
[PlyCount "93"]

1. d4 d5 2. c4 Nf6 3. cxd5 Nxd5 4. e4 Nf6 5. Nc3 Bg4 6. f3 Bh5 7. Bd3 Nc6 8. Nge2 e5 9. d5 Nd4 10. Be3 Bc5 11. Qa4+ Nd7 12. Nxd4 exd4 13. Bxd4 Bxd4 14. Qxd4 O-O 15. O-O c5 16. dxc6 bxc6 17. Rac1 c5 18. Qe3 Rc8 19. b3 Ne5 20. Bc4 Nc6 21. Rfd1 Nd4 22. b4 Qf6 23. bxc5 Nxf3+ 24. gxf3 Bxf3 25. Rf1 Qg6+ 26. Kf2 Qg2+ 27. Ke1 Bh5 28. Nd5 Rce8 29. Nf4 Qxh2 30. Nxh5 Qxh5 31. Bd5 Qh4+ 32. Kd2 Kh8 33. c6 f5 34. c7 Qh2+ 35. Rf2 f4 36. Rxh2 fxe3+ 37. Kxe3 Rc8 38. Rf2 Rfe8 39. Bb7 Rxc7 40. Rxc7 h6 41. Rc8 Rg8 42. Rxg8+ Kxg8 43. e5 g6 44. e6 Kg7 45. e7 Kg8 46. e8=Q+ Kg7 47. Rf7# 1-0

[Event "4NCL Online Division 5"]
[Site "online"]
[Date "2021.02.09"]
[EventDate "2021.02.09"]
[Round "2.73"]
[White "Eccleston, Rowan"]
[WhiteElo "1181"]
[WhiteTeam "Manchester Juniors C"]
[Black "Nandi, Asoke K"]
[BlackElo "1481"]
[BlackTeam "Uxbridge Cyclones"]
[Result "1-0"]
[PlyCount "65"]

1. f4 d6 2. Nf3 e6 3. e3 Nf6 4. b3 Be7 5. Bb2 O-O 6. Bd3 Nbd7 7. O-O c6 8. Qe1 Qc7 9. Qg3 Nh5 10. Qh3 g6 11. g4 Nhf6 12. Qh6 e5 13. g5 Ne8 14. f5 Qb8 15. fxg6 fxg6 16. Na3 Nc5 17. Bc4+ Be6 18. d4 Bxc4 19. Nxc4 exd4 20. Bxd4 Ne6 21. Bf6 Bxf6 22. gxf6 Nxf6 23. Ng5 Nxg5 24. Qxg5 Ne4 25. Qe7 d5 26. Ne5 Qe8 27. Rxf8+ Qxf8 28. Qe6+ Kg7 29. Rf1 Qe8 30. Rf7+ Kh8 31. Nxg6+ hxg6 32. Qh3+ Kg8 33. Qh7# 1-0

[Event "4NCL Online Division 5"]
[Site "online"]
[Date "2021.02.09"]
[EventDate "2021.02.09"]
[Round "2.74"]
[White "Selvaduarai, Karthisamy"]
[WhiteElo "1548"]
[WhiteTeam "Uxbridge Cyclones"]
[Black "Pearson, Matt D"]
[BlackElo "1232"]
[BlackTeam "Manchester Juniors C"]
[Result "1-0"]
[PlyCount "53"]

1. e3 e5 2. g3 Bc5 3. Qg4 Nf6 4. Qxg7 Ng8 5. Qxh8 Qf6 6. Qxg8+ Ke7 7. Qxc8 a5 8. Qxb7 Ra7 9. Qxb8 Qc6 10. f3 a4 11. Qh8 Qd5 12. Qxh7 Bb4 13. Qh4+ f6 14. Qxb4+ Ke6 15. Bc4 Rb7 16. Bxd5+ Kf5 17. Qxb7 Kg5 18. Qxc7 Kh5 19. Qxd7 f5 20. Qxf5+ Kh6 21. Qxe5 a3 22. bxa3 Kg6 23. Bb2 Kh6 24. Qg7+ Kh5 25. Qg4+ Kh6 26. Nh3 Kh7 27. Qh5# 1-0

[Event "4NCL Online Division 5"]
[Site "online"]
[Date "2021.02.09"]
[EventDate "2021.02.09"]
[Round "2.81"]
[White "Robins, Andrew"]
[WhiteElo "1761"]
[WhiteTeam "Ashfield Anonymous D"]
[Black "Levy, Christopher A"]
[BlackElo "1844"]
[BlackTeam "Hackney Hackers"]
[Result "0-1"]
[PlyCount "60"]

1. e4 c5 2. Nf3 Nc6 3. d4 cxd4 4. Nxd4 Nf6 5. Nc3 e5 6. Ndb5 d6 7. Bg5 a6 8. Na3 Be6 9. Nc4 Rc8 10. Ne3 Be7 11. Bxf6 Bxf6 12. Ncd5 Bg5 13. c3 O-O 14. Bd3 Bxe3 15. Nxe3 Ne7 16. O-O d5 17. exd5 Nxd5 18. Qh5 Nf6 19. Qe2 Qc7 20. Bf5 Bxf5 21. Nxf5 g6 22. Ng3 Rfe8 23. Rad1 Qc6 24. Qd3 b5 25. Rfe1 Re6 26. Ne4 Nxe4 27. Rxe4 Kg7 28. Re2 a5 29. Qd5 b4 30. cxb4 Qxd5 0-1

[Event "4NCL Online Division 5"]
[Site "online"]
[Date "2021.02.09"]
[EventDate "2021.02.09"]
[Round "2.82"]
[White "Conway, Paul Bernard"]
[WhiteElo "1846"]
[WhiteTeam "Hackney Hackers"]
[Black "Wright, Nigel"]
[BlackElo "1694"]
[BlackTeam "Ashfield Anonymous D"]
[Result "1-0"]
[PlyCount "47"]

1. e4 d6 2. d4 c6 3. Nc3 Qc7 4. Be3 Nf6 5. f3 e5 6. Nge2 Be7 7. Qd2 Nbd7 8. g4 Nb6 9. Ng3 Bd7 10. g5 Ng8 11. O-O-O g6 12. h4 O-O-O 13. h5 gxh5 14. Rxh5 Bf8 15. Qh2 h6 16. Nf5 Bxf5 17. exf5 f6 18. gxh6 d5 19. h7 Ne7 20. dxe5 fxe5 21. Bg5 Re8 22. Bf6 Nxf5 23. Bxh8 Ne3 24. Bxe5 1-0